| 000 | 00568nam a2200241Ia 4500 | ||
|---|---|---|---|
| 003 | OSt | ||
| 005 | 20221007082521.0 | ||
| 006 | a|||||r|||| 00| 0 | ||
| 007 | ta | ||
| 008 | 221006b |||||||| |||| 00| 0 eng d | ||
| 024 | _a2,682 | ||
| 037 | _cTextual | ||
| 040 |
_aFLL _cFLL _beng |
||
| 041 |
_2eng _aeng |
||
| 082 | _aZ1, M2 | ||
| 100 | _aBhattacharya | ||
| 245 | 0 | _aPublic international law | |
| 250 | _a6th | ||
| 260 | _c1982 | ||
| 650 | _aPublic international law | ||
| 942 |
_hZ1, M2 _cTEXL _2CC |
||
| 999 |
_c1166692 _d1166692 |
||